Cómo funciona el universo : (Registro nro. 29222)
[ vista simple ]
| 000 -CABECERA | |
|---|---|
| campo de control de longitud fija | 00396nam a2200145 4500 |
| 008 - CÓDIGOS DE INFORMACIÓN DE LONGITUD FIJA | |
| fixed length control field | 220509r2010 ck ao||br|||| 00| 0 spa d |
| 020 ## - NÚMERO INTERNACIONAL NORMALIZADO PARA LIBROS | |
| ISBN | 9789583033391 |
| 040 ## - Fuente de catalogación | |
| Agencia original de catalogación | CO-JMCR |
| Agencia de modificación | CO-JMCR |
| 041 1# - CÓDIGO DE LENGUA | |
| Código idioma | spa |
| Language code of original | eng |
| 082 04 - NÚMERO DE LA CLASIFICACIÓN DECIMAL DEWEY | |
| Número de clasificación Decimal | 520.2 / |
| Número de documento (Cutter) | C649c |
| Edition number | 23 |
| 110 ## - NOMBRE CORPORATIVO | |
| Nombre de entidad corporativa | Libsa |
| 9 (RLIN) | 42075 |
| 245 10 - TÍTULO PROPIAMENTE DICHO | |
| Título | Cómo funciona el universo : |
| Parte restante del título | Una combinación perfecta / |
| Mención de responsabilidad, etc. | Libsa |
| Withdrawn status | Lost status | Source of classification or shelving scheme | Damaged status | Not for loan | Home library | Current library | Shelving location | Date acquired | Source of acquisition | Total Checkouts | Full call number | Barcode | Date last seen | Date last checked out | Copy number | Price effective from | Koha item type |
|---|---|---|---|---|---|---|---|---|---|---|---|---|---|---|---|---|---|
| Dewey Decimal Classification | Biblioteca Pública José María del Castillo y Rada | Biblioteca Pública José María del Castillo y Rada | Processing Center | Donación | 5 | 520.2 / C649c | 201811545 | 12/02/2025 | 12/02/2025 | Ej.1 | 05/09/2022 | Books |